La récidive (Record no. 23988)

MARC details
000 -LEADER
campo de control de longitud fija 00685nam a2200181 i 4500
001 - NÚMERO DE CONTROL
campo de control 23988
003 - IDENTIFICADOR DE NÚMERO DE CONTROL
campo de control ES-MaACL
005 - FECHA Y HORA DE LA ÚLTIMA TRANSACCIÓN
campo de control 20230906152953.0
007 - CAMPO FIJO DE DESCRIPCIÓN FÍSICA--INFORMACIÓN GENERAL
campo de control de longitud fija t|
008 - DATOS DE LONGITUD FIJA--INFORMACIÓN GENERAL
campo de control de longitud fija 021213s1892 fr |||| | fre d
100 1# - ENTRADA PRINCIPAL--NOMBRE DE PERSONA
Nombre de persona Andre, Louis.
9 (RLIN) 21540
245 13 - MENCIÓN DEL TÍTULO
Título La récidive
Resto del título : théorie d'ensemble et commentaire détaillé des lois préventive ou répressives de la récidive /
Mención de responsabilidad, etc. par Louis Andre ; avec un préface de M. Louis Barthou.
260 ## - PUBLICACIÓN, DISTRIBUCIÓN, ETC.
Lugar de publicación, distribución, etc. Paris :
Nombre del editor, distribuidor, etc. Chevalier-Marescq et Cie,
Fecha de publicación, distribución, etc. 1892 (
Fabricante E. Plon et Nourrit)
300 ## - DESCRIPCIÓN FÍSICA
Extensión VII, 361 p. ;
Dimensiones 22 cm.
650 04 - PUNTO DE ACCESO ADICIONAL DE MATERIA--TÉRMINO DE MATERIA
Término de materia o nombre geográfico como elemento de entrada Reincidencia.
9 (RLIN) 16775
700 1# - ENTRADA AGREGADA--NOMBRE PERSONAL
Nombre de persona Barthou, Louis (
Fechas asociadas al nombre 1862-1934)
9 (RLIN) 26135
852 ## - LOCALIZACIÓN
Ubicación ES-MaACL
Número de control de estantería D-228
Nota libre . - Donativo Lastres
Holdings
Estatus retirado Estado de pérdida Estado de daño No para préstamo Colección Biblioteca de origen Biblioteca actual Ubicación en estantería Fecha de adquisición Fuente de adquisición Total de préstamos Signatura topográfica completa Código de barras Visto por última vez Precio de reemplazo Tipo de ítem Koha
        Libros del s. XIX Biblioteca del Ateneo de Madrid Biblioteca del Ateneo de Madrid Sala Valle Inclán 17/01/2008     D-228 901024724 23/02/2023 23/02/2023 Libro impreso antiguo